000 01082cam a2200241 i 4500
003 SA-RiAUC
005 20241221065228.0
008 241217s1904 ua g 00000 ara c
040 _aSA-JeALM
_bara
_cSA-RiAUC
_erda
082 0 4 _a262
090 _a262
_bغ ز ا
100 1 _aالغزالي، محمد بن محمد بن محمد،
_cحجة الإسلام،
_d450-505 هجري
_eمؤلف.
245 1 0 _aفاتحة العلوم /
_cمحمد بن محمد الغزالي. خرج احاديثه وشرح مفرداته عدنان ابوشامة
264 1 _aدمشق :
_bمكتبة دار الفجر،
_c[ د ت ]
300 _a174 صفحة ؛
_c24 سم
336 _aنص
_btxt
_2rdacontent
_3كتاب
337 _aبدون وسيط
_bn
_2rdamedia
338 _aمجلد
_bnc
_2rdacarrier
650 7 _aالتصوف الإسلامي
_2aucsh
700 1 2 _aابوشامة، عدنان.
_d1282-1358 هجري.
_eخرج الاحاديث
_tخلاصة المفهوم في تخريج أحاديث فاتحة العلوم.
942 _2ddc
_cBOOK
_n0
949 _aSA-JeALM
_d241217
_uosman123
_n1
999 _c3729
_d3729